Wet and dry season ecosystem level fluxes of isoprene and monoterpenes from a southeast Asian secondary forest and rubber tree plantation (Record no. 72357)

MARC details
000 -LEADER
fixed length control field 00713nam a2200265Ia 4500
100 ## - MAIN ENTRY--AUTHOR NAME
Personal name Baker B
245 #0 - TITLE STATEMENT
Title Wet and dry season ecosystem level fluxes of isoprene and monoterpenes from a southeast Asian secondary forest and rubber tree plantation
260 ## - PUBLICATION, DISTRIBUTION, ETC. (IMPRINT)
Name of publisher Atmospheric Environment
Year of publication 2005
300 ## - PHYSICAL DESCRIPTION
Number of Pages 381-390
650 ## - SUBJECT ADDED ENTRY--TOPICAL TERM
Topical Term Ecosystem
650 ## - SUBJECT ADDED ENTRY--TOPICAL TERM
Topical Term Rubber plantation
700 ## - ADDED ENTRY--PERSONAL NAME
Personal name Bai J H
700 ## - ADDED ENTRY--PERSONAL NAME
Personal name Cai Z T
700 ## - ADDED ENTRY--PERSONAL NAME
Personal name Geron C
700 ## - ADDED ENTRY--PERSONAL NAME
Personal name Greenberg J
700 ## - ADDED ENTRY--PERSONAL NAME
Personal name Guenther A
700 ## - ADDED ENTRY--PERSONAL NAME
Personal name Johnson C
700 ## - ADDED ENTRY--PERSONAL NAME
Personal name Klinger L
700 ## - ADDED ENTRY--PERSONAL NAME
Personal name Li Q J
700 ## - ADDED ENTRY--PERSONAL NAME
Personal name Rasmuseen R
700 ## - ADDED ENTRY--PERSONAL NAME
Personal name Wang Y F
856 ## - ELECTRONIC LOCATION AND ACCESS
Uniform Resource Identifier CAB CD
942 ## - ADDED ENTRY ELEMENTS (KOHA)
Koha item type Journals
Holdings
Withdrawn status Lost status Damaged status Not for loan Home library Current library Shelving location Date acquired Serial Enumeration / chronology Koha item type
      Journals RRII Library RRII Library Plant physiology 01/01/2021 Volume 39, Issue 2 Journals